What this comedian said will shock you / (Record no. 126887)

MARC details
000 -LEADER
campo de control de longitud fija 01726nam a22002297a 4500
003 - IDENTIFICADOR DE NÚMERO DE CONTROL
campo de control BJBSDDR
005 - FECHA Y HORA DE LA ÚLTIMA TRANSACCIÓN
campo de control 20260423085752.0
007 - CAMPO FIJO DE DESCRIPCIÓN FÍSICA--INFORMACIÓN GENERAL
campo de control de longitud fija ta
008 - DATOS DE LONGITUD FIJA--INFORMACIÓN GENERAL
campo de control de longitud fija 260423s2024 nyu||||| |||| 00| 0 eng d
020 ## - NÚMERO INTERNACIONAL ESTÁNDAR DEL LIBRO
Número Internacional Estándar del Libro 9781668051399
020 ## - NÚMERO INTERNACIONAL ESTÁNDAR DEL LIBRO
Número Internacional Estándar del Libro 1668051397
040 ## - FUENTE DE CATALOGACIÓN
Lengua de catalogación spa
Centro/agencia transcriptor BJBSDDR
041 ## - CÓDIGO DE IDIOMA
Código de lengua del texto/banda sonora o título independiente eng
050 ## - SIGNATURA TOPOGRÁFICA DE LA BIBLIOTECA DEL CONGRESO
Número de ítem M214 2024
100 1# - ENTRADA PRINCIPAL--NOMBRE DE PERSONA
Nombre de persona Maher, Bill,
Fechas asociadas al nombre 1956-
9 (RLIN) 39730
245 10 - MENCIÓN DEL TÍTULO
Título What this comedian said will shock you /
Mención de responsabilidad, etc. Bill Maher
260 ## - PUBLICACIÓN, DISTRIBUCIÓN, ETC.
Lugar de publicación, distribución, etc. New York :
Nombre del editor, distribuidor, etc. Simon & Schuster,
Fecha de publicación, distribución, etc. 2024
300 ## - DESCRIPCIÓN FÍSICA
Extensión 400 pages ;
Dimensiones 22 cm
520 ## - RESUMEN, ETC.
Sumario, etc. The hilarious and controversial host of HBO's Real Time with Bill Maher has written his funniest, most opinionated, and most necessary book ever--a brilliantly astute and acerbically funny vivisection of American life, politics, and culture. Some of the smartest commentary about what's happening in America is coming from a comedian--this comedian being Bill Maher. If you want to understand what's wrong with this country, it turns out that one of the best informed and most thought-provoking analysts is this very funny pothead. The book was inspired by the "editorial" Bill delivers at the end of each episode of Real Time. These editorials are direct-to-camera sermons about culture, politics, and what's happening in the world. To put this book together, Maher reviewed more than a decade of his editorials, rewriting, reimagining, and updating them. Free speech, cops, drugs, race, religion, the generations, cancel culture, the parties, the media, show biz, romance, health--Maher covers it all. The result is a hugely entertaining work of commentary about American culture in the tradition of Mark Twain, Will Rogers, and H. L. Mencken<br/>
942 ## - ELEMENTOS DE ENTRADA SECUNDARIOS (KOHA)
Fuente del sistema de clasificación o colocación Clasificación de Library of Congress
Suprimir en OPAC No
Tipo de ítem Koha Libro
946 ## - PROCESAMIENTO DE INFORMACIÓN LOCAL (OCLC)
Iniciales del agente catalogador cmc
Holdings
Estatus retirado Estado de pérdida Fuente del sistema de clasificación o colocación Estado de daño No para préstamo Colección Biblioteca de origen Biblioteca actual Ubicación en estantería Fecha de adquisición Signatura topográfica completa Código de barras Visto por última vez Copia número Tipo de ítem Koha
    Clasificación de Library of Congress     Automatización y Procesos Técnicos Biblioteca Juan Bosch Biblioteca Juan Bosch Automatización y Procesos Técnicos (1er. Piso) 23/04/2026 M214 2024 00000198980 23/04/2026 1 Libro